[Event "19. Wch 2009 Veteranos"]
[Site "Condino ITA"]
[Date "2009.11.06"]
[Round "10.27"]
[White "Sherwin, James T"]
[Black "Toefferl, Heimo"]
[Result "1/2-1/2"]
[WhiteElo "2234"]
[BlackElo "2121"]
[PlyCount "77"]
[EventDate "2009.10.27"]
[EventType "swiss"]
[EventRounds "11"]
[EventCountry "ITA"]
[Source "lmi"]
[SourceDate "2009.10.27"]

1. d4 e6 2. c4 d5 3. Nc3 f5 4. Nf3 c6 5. Bf4 Nf6 6. e3 Be7 7. h3 O-O 8. Be2 Qe8
9. Qc2 a5 10. g4 Na6 11. a3 dxc4 12. gxf5 b5 13. fxe6 Bxe6 14. Ng5 Bf7 15. Nxf7
Rxf7 16. Rg1 Bf8 17. Be5 Nc7 18. Rg3 Ncd5 19. Bf3 Raa7 20. Ke2 Rae7 21. Rag1
Rxe5 22. dxe5 Qxe5 23. Rg5 Qe6 24. Nxd5 cxd5 25. Qf5 Qe7 26. Bxd5 Nxd5 27. Qxd5
Qf6 28. f4 Qxb2+ 29. Kf3 Qxa3 30. Qxb5 h6 31. Re5 c3 32. Rg2 Bb4 33. Re8+ Bf8
34. Qc4 Qa1 35. Rc8 Qd1+ 36. Kg3 Qe1+ 37. Kf3 Qd1+ 38. Kg3 Qe1+ 39. Kf3 1/2-1/2

[Event "19. Wch 2009 Veteranos"]
[Site "Condino ITA"]
[Date "2009.11.06"]
[Round "10.28"]
[White "Nordstrom, Felix"]
[Black "Grinberg, Iosif P"]
[Result "0-1"]
[WhiteElo "2165"]
[BlackElo "2280"]
[PlyCount "56"]
[EventDate "2009.10.27"]
[EventType "swiss"]
[EventRounds "11"]
[EventCountry "ITA"]
[Source "lmi"]
[SourceDate "2009.10.27"]

1. e4 Nc6 2. d4 e5 3. dxe5 Nxe5 4. f4 Nc6 5. Be3 Bb4+ 6. c3 Ba5 7. Qf3 Qe7 8.
Nd2 Bb6 9. Nc4 d6 10. Bxb6 axb6 11. Ne3 Nf6 12. Bd3 O-O 13. Ne2 Re8 14. Nd5 Qd8
15. O-O Be6 16. a3 Bxd5 17. exd5 Ne7 18. c4 b5 19. Nc3 bxc4 20. Bxc4 c6 21. Kh1
Nf5 22. Rfe1 Qb6 23. Qd3 Ne3 24. dxc6 Qxb2 25. Ra2 Nxc4 26. Rb1 Qb6 27. cxb7
Qxb7 28. h3 Qc6 0-1

[Event "19. Wch 2009 Veteranos"]
[Site "Condino ITA"]
[Date "2009.11.06"]
[Round "10.29"]
[White "Barlocco, Carlo"]
[Black "Malmdin, Nils-Ake"]
[Result "0-1"]
[WhiteElo "2155"]
[BlackElo "2280"]
[PlyCount "72"]
[EventDate "2009.10.27"]
[EventType "swiss"]
[EventRounds "11"]
[EventCountry "ITA"]
[Source "lmi"]
[SourceDate "2009.10.27"]

1. e4 c5 2. Nf3 Nc6 3. Bb5 g6 4. Bxc6 bxc6 5. O-O Bg7 6. Re1 Nf6 7. c3 O-O 8.
d4 cxd4 9. cxd4 d6 10. Nc3 Rb8 11. h3 Qa5 12. Qc2 Bd7 13. Bg5 h6 14. Bh4 g5 15.
Bg3 Nh5 16. Bh2 e5 17. dxe5 dxe5 18. Rac1 Nf4 19. Bxf4 exf4 20. Na4 g4 21. hxg4
Bxg4 22. Nh2 Qg5 23. Nxg4 Qxg4 24. Qe2 Qh4 25. b3 Rb5 26. Qf3 Bd4 27. Red1 Rh5
28. Kf1 c5 29. Nc3 Re8 30. Ke2 Rhe5 31. Rh1 Qg5 32. Qh3 Bxc3 33. Rxc3 Rxe4+ 34.
Kd1 Qg6 35. Qxh6 Re1+ 36. Rxe1 Rxe1+ 0-1

[Event "19. Wch 2009 Veteranos"]
[Site "Condino ITA"]
[Date "2009.11.06"]
[Round "10.31"]
[White "Gruzmann, Boris"]
[Black "Nordby, Bernt"]
[Result "1-0"]
[WhiteElo "2250"]
[BlackElo "2135"]
[PlyCount "53"]
[EventDate "2009.10.27"]
[EventType "swiss"]
[EventRounds "11"]
[EventCountry "ITA"]
[Source "lmi"]
[SourceDate "2009.10.27"]

1. e4 e6 2. d4 d5 3. e5 c5 4. c3 Qb6 5. Nf3 Nc6 6. a3 Nh6 7. b4 cxd4 8. cxd4
Nf5 9. Bb2 Be7 10. Be2 a5 11. b5 a4 12. O-O O-O 13. Ra2 Na5 14. Nc3 Nc4 15.
Bxc4 dxc4 16. d5 exd5 17. Nxd5 Qd8 18. Bc3 Be6 19. Rd2 Bxd5 20. Rxd5 Qc8 21.
Qc2 Qe6 22. Rfd1 h5 23. Bb2 Rfc8 24. Qc3 Rd8 25. Qxc4 Rxd5 26. Qxd5 Rd8 27.
Qxd8+ 1-0

[Event "19. Wch 2009 Veteranos"]
[Site "Condino ITA"]
[Date "2009.11.06"]
[Round "10.33"]
[White "Acers, Jude"]
[Black "Ozbilen, Hayri"]
[Result "0-1"]
[WhiteElo "2225"]
[BlackElo "2110"]
[PlyCount "107"]
[EventDate "2009.10.27"]
[EventType "swiss"]
[EventRounds "11"]
[EventCountry "ITA"]
[Source "lmi"]
[SourceDate "2009.10.27"]

1. d4 Nf6 2. Bg5 e6 3. Nc3 d5 4. e4 dxe4 5. Nxe4 Be7 6. Bxf6 Bxf6 7. Nf3 b6 8.
c3 Bb7 9. Bd3 Nd7 10. Qe2 Qe7 11. O-O-O O-O-O 12. Bb5 Nb8 13. g4 h6 14. h4 g6
15. Kb1 Bg7 16. Ned2 Qf6 17. Rhe1 Qf4 18. Ne5 Bxe5 19. dxe5 h5 20. Rg1 Rd5 21.
c4 Rxe5 22. Qd3 a6 23. Ba4 Be4 24. Nxe4 Qxe4 25. Bc2 Qxd3 26. Bxd3 hxg4 27.
Rxg4 Reh5 28. Rf4 f5 29. Re1 Kd7 30. Rd4+ Ke7 31. c5 b5 32. Rh1 Nc6 33. Rf4 e5
34. Re1 Kf6 35. Rf3 Rxh4 36. Rg3 Rh3 37. a4 Rxg3 38. fxg3 Nd4 39. axb5 axb5 40.
g4 e4 41. Bc2 Ke5 42. gxf5 gxf5 43. Rg1 Rh7 44. Bd1 Ne6 45. b4 Nf4 46. Kb2 Rh2+
47. Bc2 Ne2 48. Rg7 Nd4 49. Rxc7 Rxc2+ 50. Kb1 Rc4 51. Re7+ Ne6 52. Kb2 e3 53.
Rh7 e2 54. Rh1 0-1

[Event "19. Wch 2009 Veteranos"]
[Site "Condino ITA"]
[Date "2009.11.06"]
[Round "10.34"]
[White "Preuss, Flemming"]
[Black "Van Den Berg, Ad"]
[Result "1/2-1/2"]
[WhiteElo "2065"]
[BlackElo "2220"]
[PlyCount "63"]
[EventDate "2009.10.27"]
[EventType "swiss"]
[EventRounds "11"]
[EventCountry "ITA"]
[Source "lmi"]
[SourceDate "2009.10.27"]

1. f4 d5 2. Nf3 Bg4 3. e3 Nc6 4. Bb5 Qd6 5. h3 Bxf3 6. Qxf3 Nf6 7. b3 e5 8. Bb2
exf4 9. Qxf4 Qxf4 10. exf4 Be7 11. O-O O-O-O 12. Bxc6 bxc6 13. d3 Rde8 14. Nd2
Bc5+ 15. d4 Bd6 16. g3 Re2 17. Rf2 Rhe8 18. Raf1 Nh5 19. Kg2 g5 20. Rxe2 Rxe2+
21. Rf2 Rxf2+ 22. Kxf2 gxf4 23. g4 Ng7 24. c4 Ne6 25. Nf3 f6 26. c5 Bf8 27. h4
Bg7 28. h5 Bh6 29. Nh4 Bg5 30. Nf5 Kd7 31. Kf3 Ke8 32. Bc3 1/2-1/2

[Event "19. Wch 2009 Veteranos"]
[Site "Condino ITA"]
[Date "2009.11.06"]
[Round "10.36"]
[White "Zhelesny, Stanislav"]
[Black "Welz, Peter Dr"]
[Result "1-0"]
[WhiteElo "2170"]
[BlackElo "2100"]
[PlyCount "81"]
[EventDate "2009.10.27"]
[EventType "swiss"]
[EventRounds "11"]
[EventCountry "ITA"]
[Source "lmi"]
[SourceDate "2009.10.27"]

1. Nf3 f5 2. g3 Nf6 3. Bg2 g6 4. O-O Bg7 5. d4 O-O 6. c4 d6 7. Nc3 Nc6 8. d5
Ne5 9. Nxe5 dxe5 10. b3 h6 11. Qc2 g5 12. e4 f4 13. f3 a6 14. Bb2 Qe8 15. Ne2
Nd7 16. c5 Nb8 17. Rad1 Qg6 18. Kh1 Kh8 19. b4 c6 20. d6 Qf7 21. a3 Be6 22.
dxe7 Qxe7 23. Rd6 a5 24. gxf4 gxf4 25. Ng1 axb4 26. axb4 Na6 27. Qd2 Nc7 28.
Bh3 Ra2 29. Rf2 Rf7 30. Rg2 Bxh3 31. Nxh3 Nb5 32. Rd3 Qe6 33. Ng1 Qc4 34. Rd7
Nd4 35. Rxf7 Qxf7 36. Qe1 Qb3 37. Bxd4 Rxg2 38. Kxg2 exd4 39. Qh4 Qf7 40. Nh3
d3 41. Ng5 1-0

[Event "19. Wch 2009 Veteranos"]
[Site "Condino ITA"]
[Date "2009.11.06"]
[Round "10.37"]
[White "Hajenius, Willem"]
[Black "Bondick, Karl-Heinz"]
[Result "0-1"]
[WhiteElo "2025"]
[BlackElo "2170"]
[PlyCount "64"]
[EventDate "2009.10.27"]
[EventType "swiss"]
[EventRounds "11"]
[EventCountry "ITA"]
[Source "lmi"]
[SourceDate "2009.10.27"]

1. d4 d5 2. c4 dxc4 3. e4 e5 4. Nf3 exd4 5. Bxc4 Nc6 6. O-O Bc5 7. Nbd2 Qe7 8.
Nb3 Bg4 9. Bd5 Bb6 10. Bxc6+ bxc6 11. Qc2 Rd8 12. Bg5 f6 13. Bh4 g5 14. Bg3 h5
15. e5 Bxf3 16. gxf3 d3 17. Qc4 f5 18. Qxc6+ Kf8 19. h3 f4 20. Bh2 Rh6 21. Qe4
Re6 22. Qf5+ Qf7 23. Qxf7+ Kxf7 24. h4 Rxe5 25. Nd2 Re2 26. Ne4 Kg6 27. Nxg5
Kf5 28. Nh3 Rd4 29. b3 Nf6 30. a4 Ba5 31. Rac1 d2 32. Rcd1 Nd5 0-1

[Event "19. Wch 2009 Veteranos"]
[Site "Condino ITA"]
[Date "2009.11.06"]
[Round "10.38"]
[White "Morriss, Pete"]
[Black "Stull, Norbert"]
[Result "1/2-1/2"]
[WhiteElo "1985"]
[BlackElo "2165"]
[PlyCount "66"]
[EventDate "2009.10.27"]
[EventType "swiss"]
[EventRounds "11"]
[EventCountry "ITA"]
[Source "lmi"]
[SourceDate "2009.10.27"]

1. b4 e5 2. Bb2 Bxb4 3. Bxe5 Nf6 4. c4 O-O 5. a3 Ba5 6. Nf3 d5 7. cxd5 Nxd5 8.
e3 Re8 9. Be2 Rxe5 10. Nxe5 Qf6 11. Nc4 Qxa1 12. Nxa5 b6 13. Bf3 Be6 14. Nb3
Qb2 15. O-O Nd7 16. d4 Nxe3 17. fxe3 Bxb3 18. Qd2 Qxd2 19. Nxd2 Re8 20. Nxb3
Rxe3 21. Rb1 Kf8 22. Kf2 Rc3 23. a4 a5 24. Ke2 Ke7 25. Kd2 Rc4 26. Ra1 Rb4 27.
Kc3 Kd6 28. Be2 Nf6 29. Bc4 Ne4+ 30. Kd3 Nf2+ 31. Kc3 Ne4+ 32. Kd3 Nf2+ 33. Kc3
Ne4+ 1/2-1/2

[Event "19. Wch 2009 Veteranos"]
[Site "Condino ITA"]
[Date "2009.11.06"]
[Round "10.43"]
[White "Profaizer, Gino"]
[Black "Laco, Giuseppe"]
[Result "0-1"]
[WhiteElo "2065"]
[BlackElo "2125"]
[PlyCount "50"]
[EventDate "2009.10.27"]
[EventType "swiss"]
[EventRounds "11"]
[EventCountry "ITA"]
[Source "lmi"]
[SourceDate "2009.10.27"]

1. d4 f5 2. g3 g6 3. Bg2 Nf6 4. Nh3 Bg7 5. O-O c6 6. c4 d6 7. Nc3 O-O 8. Qb3 h6
9. d5 c5 10. Nf4 g5 11. Ne6 Bxe6 12. dxe6 Na6 13. Qxb7 Nc7 14. Nd5 Nfxd5 15.
Bxd5 a5 16. Qb3 Nxd5 17. cxd5 Rb8 18. Qc2 f4 19. Rb1 Qe8 20. b3 fxg3 21. hxg3
Qh5 22. Bb2 Rb4 23. Bxg7 Kxg7 24. e3 Rh4 25. gxh4 Qg4+ 0-1

[Event "19. Wch 2009 Veteranos"]
[Site "Condino ITA"]
[Date "2009.11.06"]
[Round "10.46"]
[White "Taksrud, Vidar"]
[Black "Rotelli, Pietro"]
[Result "1-0"]
[WhiteElo "2110"]
[BlackElo "1975"]
[PlyCount "53"]
[EventDate "2009.10.27"]
[EventType "swiss"]
[EventRounds "11"]
[EventCountry "ITA"]
[Source "lmi"]
[SourceDate "2009.10.27"]

1. Nc3 d5 2. e4 d4 3. Nce2 c5 4. Nf3 Nc6 5. Ng3 g6 6. Bb5 Bd7 7. O-O Bg7 8. c3
a6 9. Bxc6 Bxc6 10. cxd4 cxd4 11. d3 h6 12. Bf4 Qa5 13. Nd2 e5 14. Nc4 Qc7 15.
Bd2 a5 16. f4 b5 17. Nxe5 Bxe5 18. fxe5 Qxe5 19. Rc1 Ne7 20. Qe1 b4 21. Qf2 Qg7
22. Rc4 Rd8 23. Rc5 Ra8 24. Bf4 f6 25. Bd6 Ra6 26. Qxd4 O-O 27. Bxe7 1-0

[Event "19. Wch 2009 Veteranos"]
[Site "Condino ITA"]
[Date "2009.11.06"]
[Round "10.48"]
[White "De Laubadere, Philippe"]
[Black "Stuart, Peter"]
[Result "1/2-1/2"]
[WhiteElo "1970"]
[BlackElo "2070"]
[PlyCount "43"]
[EventDate "2009.10.27"]
[EventType "swiss"]
[EventRounds "11"]
[EventCountry "ITA"]
[Source "lmi"]
[SourceDate "2009.10.27"]

1. d4 Nf6 2. c4 e6 3. Nc3 Bb4 4. Qb3 c5 5. dxc5 Nc6 6. Nf3 Ne4 7. Bd2 Nxd2 8.
Nxd2 Bxc5 9. Nde4 b6 10. g3 Nd4 11. Qd1 Bb7 12. Bg2 O-O 13. O-O Nc6 14. Nxc5
bxc5 15. Qd6 Na5 16. b3 Bxg2 17. Kxg2 Nb7 18. Qd3 Qc7 19. Rfd1 Qc6+ 20. Qe4
Qxe4+ 21. Nxe4 Rfd8 22. Nd6 1/2-1/2

[Event "19. Wch 2009 Veteranos"]
[Site "Condino ITA"]
[Date "2009.11.06"]
[Round "10.54"]
[White "Bondar, Leonid"]
[Black "Karall, Lorenz"]
[Result "1/2-1/2"]
[WhiteElo "2050"]
[BlackElo "1965"]
[PlyCount "28"]
[EventDate "2009.10.27"]
[EventType "swiss"]
[EventRounds "11"]
[EventCountry "ITA"]
[Source "lmi"]
[SourceDate "2009.10.27"]

1. e4 d6 2. d4 Nf6 3. Nc3 g6 4. Be3 Bg7 5. f3 c6 6. Qd2 b5 7. Nge2 a6 8. Bh6
Bxh6 9. Qxh6 Qa5 10. Nc1 Be6 11. Qd2 Bc4 12. Bd3 Nbd7 13. N1e2 Bxd3 14. Qd1 c5
1/2-1/2

[Event "19. Wch 2009 Veteranos"]
[Site "Condino ITA"]
[Date "2009.11.06"]
[Round "10.55"]
[White "Beltrami, Nerio"]
[Black "Ramusch, Arnulf"]
[Result "1-0"]
[WhiteElo "2030"]
[BlackElo "1960"]
[PlyCount "83"]
[EventDate "2009.10.27"]
[EventType "swiss"]
[EventRounds "11"]
[EventCountry "ITA"]
[Source "lmi"]
[SourceDate "2009.10.27"]

1. e4 c5 2. Nf3 Nc6 3. Bb5 e6 4. O-O Nge7 5. c3 a6 6. Ba4 b5 7. Bc2 Bb7 8. d4
cxd4 9. cxd4 d5 10. e5 Qb6 11. Nc3 Ng6 12. Be3 Na5 13. h4 Bb4 14. Ne2 Nc4 15.
Bc1 Qc7 16. h5 Nf8 17. a3 Be7 18. b3 Nb6 19. Bb2 Rc8 20. Bd3 Qd8 21. Qd2 g6 22.
Bc3 g5 23. g4 Nfd7 24. Ba5 h6 25. a4 Bc6 26. Nc3 Nc4 27. bxc4 Qxa5 28. axb5 Qc7
29. bxc6 Qxc6 30. c5 Ra8 31. Qe2 a5 32. Ra4 O-O 33. Rfa1 Nxc5 34. dxc5 Bxc5 35.
Nb5 Qb6 36. Nfd4 f5 37. gxf5 exf5 38. e6 f4 39. Qe5 Be7 40. Nf5 Bf6 41. Nxh6+
Kg7 42. Qf5 1-0

[Event "19. Wch 2009 Veteranos"]
[Site "Condino ITA"]
[Date "2009.11.06"]
[Round "10.57"]
[White "Elfert, Aleksandr V"]
[Black "Kverndal, Leif"]
[Result "0-1"]
[WhiteElo "2020"]
[BlackElo "1945"]
[PlyCount "86"]
[EventDate "2009.10.27"]
[EventType "swiss"]
[EventRounds "11"]
[EventCountry "ITA"]
[Source "lmi"]
[SourceDate "2009.10.27"]

1. g4 d5 2. Bg2 e5 3. h3 Nc6 4. d3 g6 5. Nc3 Be6 6. e4 d4 7. Nce2 Bg7 8. Ng3
Nge7 9. Bg5 f6 10. Bd2 Qd7 11. b4 a6 12. a4 O-O 13. Rb1 a5 14. b5 Nb4 15. N1e2
f5 16. exf5 Bd5 17. Bxd5+ Qxd5 18. Bg5 Rf7 19. Bxe7 Rxe7 20. Ne4 Rf8 21. N2g3
Na2 22. Qf3 Kh8 23. h4 Nc3 24. Rb3 Ref7 25. h5 gxf5 26. gxf5 Bh6 27. Rh4 Bf4
28. Qh1 Rg8 29. Qh3 Bxg3 30. fxg3 Rfg7 31. Qh1 Nxe4 32. dxe4 Qc4 33. Qg2 Qxa4
34. h6 Rf7 35. g4 Rg5 36. Qd2 Rg8 37. g5 Qa1+ 38. Ke2 Qg1 39. g6 Rxg6 40. Kd3
Rg2 41. Qe2 Rxe2 42. Kxe2 Qg2+ 43. Ke1 Qxc2 0-1

[Event "19. Wch 2009 Veteranos"]
[Site "Condino ITA"]
[Date "2009.11.06"]
[Round "10.58"]
[White "Pedrotti, Luciano"]
[Black "Rubinstein, Mark"]
[Result "1-0"]
[WhiteElo "1825"]
[BlackElo "2015"]
[PlyCount "81"]
[EventDate "2009.10.27"]
[EventType "swiss"]
[EventRounds "11"]
[EventCountry "ITA"]
[Source "lmi"]
[SourceDate "2009.10.27"]

1. e4 e6 2. d4 d5 3. exd5 exd5 4. Nf3 Nf6 5. Bg5 Be7 6. Bd3 h6 7. Bh4 c6 8. O-O
Be6 9. Nbd2 Nbd7 10. Re1 Nf8 11. c3 g5 12. Bg3 Bg4 13. Be5 Be6 14. h3 Rg8 15.
Nh2 Ng6 16. Bxf6 Bxf6 17. Ng4 Nf4 18. Bf5 h5 19. Bxe6 Nxe6 20. Nxf6+ Qxf6 21.
Qxh5 O-O-O 22. Qg4 Kb8 23. Nf3 Ka8 24. Re5 Qf4 25. g3 Qxg4 26. hxg4 Rg7 27. Kg2
Kb8 28. Rh1 Kc7 29. Rh5 Rdg8 30. Rf5 Kd6 31. Ne5 Ke7 32. Rh6 Rf8 33. Rhf6 Ke8
34. f4 Ke7 35. Rh6 Rfg8 36. Kf3 Rf8 37. Rff6 Nd8 38. f5 Rgg8 39. Rd6 Rh8 40.
Rd7+ Ke8 41. Rhd6 1-0

[Event "19. Wch 2009 Veteranos"]
[Site "Condino ITA"]
[Date "2009.11.06"]
[Round "10.59"]
[White "Zotin, Vladimir"]
[Black "Sevenyuk, Alexey"]
[Result "0-1"]
[WhiteElo "2015"]
[BlackElo "1900"]
[PlyCount "70"]
[EventDate "2009.10.27"]
[EventType "swiss"]
[EventRounds "11"]
[EventCountry "ITA"]
[Source "lmi"]
[SourceDate "2009.10.27"]

1. e4 c5 2. Nf3 d6 3. c3 Nf6 4. Bc4 Nc6 5. d3 g6 6. O-O Bg7 7. Re1 O-O 8. h3
Na5 9. e5 dxe5 10. Nxe5 Nxc4 11. Nxc4 b5 12. Qf3 Rb8 13. Ne5 Bb7 14. Nc6 Bxc6
15. Qxc6 Qxd3 16. Qxc5 a6 17. Nd2 Nd5 18. Nf3 Rfc8 19. Qa3 b4 20. Qa4 bxc3 21.
Rd1 Qf5 22. Nd4 Qh5 23. Nf3 cxb2 24. Bxb2 Rxb2 25. Qd7 Nb6 26. Qxe7 Qf5 27. Qa3
Qc2 28. Qe3 Nc4 29. Qe1 Bc3 30. Qf1 Nd2 31. Nxd2 Bxd2 32. Qxa6 Be3 33. Qf1
Qxf2+ 34. Qxf2 Rxf2 35. Kh1 Rcc2 0-1

[Event "19. Wch 2009 Veteranos"]
[Site "Condino ITA"]
[Date "2009.11.06"]
[Round "10.64"]
[White "Andreas, Guenter"]
[Black "Quagliarella, Sabino Remo"]
[Result "1-0"]
[WhiteElo "1985"]
[BlackElo "1915"]
[PlyCount "77"]
[EventDate "2009.10.27"]
[EventType "swiss"]
[EventRounds "11"]
[EventCountry "ITA"]
[Source "lmi"]
[SourceDate "2009.10.27"]

1. e4 c6 2. Nc3 d5 3. Qf3 e6 4. Qg3 Nd7 5. f4 Ne7 6. d3 Ng6 7. Bd2 d4 8. Nce2
Qb6 9. O-O-O Be7 10. Nf3 c5 11. f5 Bd6 12. Qf2 exf5 13. exf5 Nge5 14. g4 Nxg4
15. Qg1 Ngf6 16. Ng3 Qc7 17. Re1+ Kf8 18. Bg2 Bf4 19. Kb1 Bxd2 20. Nxd2 Ne5 21.
Nc4 Nxc4 22. dxc4 Bd7 23. Bf3 Bc6 24. Qg2 h5 25. Bxc6 bxc6 26. Rhg1 Re8 27. Ne4
Rg8 28. Nxf6 Rxe1+ 29. Rxe1 gxf6 30. Qe2 Qe5 31. Qd2 Qd6 32. Qh6+ Rg7 33. Rg1
Qe5 34. Qxg7+ Ke7 35. Qg3 h4 36. Qxh4 Qxf5 37. Re1+ Kd7 38. Qh8 Kc7 39. Re7+
1-0

[Event "19. Wch 2009 Veteranos"]
[Site "Condino ITA"]
[Date "2009.11.06"]
[Round "10.65"]
[White "Kayaman, Metin"]
[Black "Zurel, Maxim"]
[Result "1-0"]
[WhiteElo "1980"]
[BlackElo "1900"]
[PlyCount "65"]
[EventDate "2009.10.27"]
[EventType "swiss"]
[EventRounds "11"]
[EventCountry "ITA"]
[Source "lmi"]
[SourceDate "2009.10.27"]

1. Nf3 Nf6 2. d4 d6 3. c4 e6 4. Nc3 Be7 5. e4 O-O 6. Bd3 Nbd7 7. O-O c6 8. Re1
e5 9. h3 exd4 10. Nxd4 Ne5 11. Bf1 Ne8 12. f4 Ng6 13. Nf3 f5 14. g3 fxe4 15.
Nxe4 Bf5 16. Nf2 Nc7 17. Nd4 Bd7 18. Ng4 c5 19. Nf3 h5 20. Ne3 h4 21. Bd3 Nh8
22. g4 g6 23. Ng2 Rf7 24. Bd2 Bf6 25. Rb1 Ne6 26. Be4 Rb8 27. Bd5 Qc8 28. Kh2
Kg7 29. f5 gxf5 30. gxf5 Nd4 31. Nxd4 Bxd4 32. Qg4+ Ng6 33. Qxg6+ 1-0

[Event "19. Wch 2009 Veteranos"]
[Site "Condino ITA"]
[Date "2009.11.06"]
[Round "10.67"]
[White "Fragni, Enrico"]
[Black "Schwertel, Johann"]
[Result "0-1"]
[WhiteElo "1765"]
[BlackElo "1975"]
[PlyCount "54"]
[EventDate "2009.10.27"]
[EventType "swiss"]
[EventRounds "11"]
[EventCountry "ITA"]
[Source "lmi"]
[SourceDate "2009.10.27"]

1. c3 d5 2. Nf3 Nf6 3. d3 c6 4. Bg5 Nbd7 5. Nbd2 e6 6. e4 dxe4 7. dxe4 Be7 8.
Qc2 Qc7 9. Bc4 O-O 10. O-O Re8 11. b4 b6 12. Rfe1 Bb7 13. a3 c5 14. b5 Rad8 15.
Rad1 Ne5 16. Nxe5 Qxe5 17. Nf3 Qc7 18. Rxd8 Rxd8 19. Nd2 Ba8 20. g3 h6 21. Bf4
Qd7 22. f3 Ne8 23. Be3 Qb7 24. Be2 Nd6 25. f4 Bf6 26. e5 Nf5 27. Bf1 Qh1+ 0-1

[Event "19. Wch 2009 Veteranos"]
[Site "Condino ITA"]
[Date "2009.11.06"]
[Round "10.69"]
[White "Fritsch, Juergen Dr"]
[Black "Haupt, Joachim"]
[Result "1/2-1/2"]
[WhiteElo "1955"]
[BlackElo "1870"]
[PlyCount "65"]
[EventDate "2009.10.27"]
[EventType "swiss"]
[EventRounds "11"]
[EventCountry "ITA"]
[Source "lmi"]
[SourceDate "2009.10.27"]

1. d4 Nf6 2. Bg5 e6 3. Nf3 d5 4. e3 c5 5. c3 c4 6. Nbd2 Be7 7. b4 Bd7 8. Bxf6
Bxf6 9. Be2 O-O 10. a4 a6 11. O-O Nc6 12. e4 dxe4 13. Nxe4 b5 14. Nc5 Ne7 15.
axb5 Bxb5 16. Qc2 Nd5 17. g3 Qc7 18. Nd2 e5 19. Bf3 Rfd8 20. Nde4 exd4 21.
Nxf6+ Nxf6 22. Bxa8 d3 23. Qd2 Rxa8 24. Rfe1 a5 25. Ne4 Nxe4 26. Rxe4 Qc6 27.
Rd4 axb4 28. Rxa8+ Qxa8 29. Qb2 b3 30. f3 h6 31. Kf2 Kh7 32. Re4 Qa7+ 33. Kf1
1/2-1/2

[Event "19. Wch 2009 Veteranos"]
[Site "Condino ITA"]
[Date "2009.11.06"]
[Round "10.75"]
[White "Gonzalo Gonzalez, Francisco"]
[Black "Zelkind, Natalya"]
[Result "1-0"]
[WhiteElo "1810"]
[BlackElo "1850"]
[PlyCount "75"]
[EventDate "2009.10.27"]
[EventType "swiss"]
[EventRounds "11"]
[EventCountry "ITA"]
[Source "lmi"]
[SourceDate "2009.10.27"]

1. e4 e5 2. Nf3 Nc6 3. Bc4 Be7 4. c3 Nf6 5. d3 d6 6. a3 O-O 7. Bg5 h6 8. Bh4 g5
9. Bg3 g4 10. Nh4 Nxe4 11. Ng6 Nxg3 12. hxg3 Kg7 13. Nxf8 Bxf8 14. Qd2 Qf6 15.
a4 Bf5 16. Na3 a6 17. O-O-O Na5 18. Ba2 Bd7 19. f4 gxf3 20. gxf3 Be7 21. b4
Bxa4 22. bxa5 Bxd1 23. Qxd1 d5 24. Nc2 Qg5+ 25. Kb1 c6 26. g4 Qf4 27. Qe2 Bd8
28. Ne3 Bg5 29. Nf5+ Kf6 30. Kc2 Qa4+ 31. Bb3 Qxa5 32. Re1 Bf4 33. Nxh6 Kg6 34.
Nf5 Rh8 35. Ne3 Rh2 36. Ng2 Qa3 37. Nxf4+ exf4 38. Qxh2 1-0

[Event "19. Wch 2009 Veteranos"]
[Site "Condino ITA"]
[Date "2009.11.06"]
[Round "10.76"]
[White "De Nisi, Giuseppe"]
[Black "Cooper, Nigel"]
[Result "0-1"]
[WhiteElo "1840"]
[BlackElo "1775"]
[PlyCount "40"]
[EventDate "2009.10.27"]
[EventType "swiss"]
[EventRounds "11"]
[EventCountry "ITA"]
[Source "lmi"]
[SourceDate "2009.10.27"]

1. d4 d5 2. c4 c6 3. Nc3 Nf6 4. cxd5 cxd5 5. Bg5 Nbd7 6. Qa4 e6 7. Rc1 a6 8.
Nb5 axb5 9. Qxa8 Bb4+ 10. Bd2 Nb6 11. Qb8 Bxd2+ 12. Kxd2 Ne4+ 13. Ke1 O-O 14.
Qf4 Nc4 15. Rc2 Qa5+ 16. Kd1 g5 17. Qf3 Qxa2 18. Rxc4 bxc4 19. Kc2 c3 20. Qxe4
Qxb2+ 0-1

[Event "19. Wch 2009 Veteranos"]
[Site "Condino ITA"]
[Date "2009.11.06"]
[Round "10.77"]
[White "Acunzo, Domenico"]
[Black "Scarpellini, Felice"]
[Result "1/2-1/2"]
[WhiteElo "1830"]
[BlackElo "1820"]
[PlyCount "33"]
[EventDate "2009.10.27"]
[EventType "swiss"]
[EventRounds "11"]
[EventCountry "ITA"]
[Source "lmi"]
[SourceDate "2009.10.27"]

1. e4 d6 2. d4 g6 3. f4 Bg7 4. Nf3 Bg4 5. Be2 Nd7 6. c4 Bxf3 7. Bxf3 e5 8. Be3
Ngf6 9. O-O O-O 10. Nc3 c6 11. fxe5 dxe5 12. d5 Nb6 13. b3 cxd5 14. cxd5 Rc8
15. Qd2 Re8 16. Rac1 Qd7 17. Qf2 1/2-1/2

[Event "19. Wch 2009 Veteranos"]
[Site "Condino ITA"]
[Date "2009.11.06"]
[Round "10.78"]
[White "Flotten, Erling"]
[Black "Gill, William"]
[Result "1/2-1/2"]
[WhiteElo "1840"]
[BlackElo "1710"]
[PlyCount "80"]
[EventDate "2009.10.27"]
[EventType "swiss"]
[EventRounds "11"]
[EventCountry "ITA"]
[Source "lmi"]
[SourceDate "2009.10.27"]

1. e4 e5 2. Bc4 Bc5 3. Nf3 Nc6 4. d3 Nf6 5. h3 O-O 6. O-O d6 7. a4 Na5 8. Ba2
a6 9. c3 Nc6 10. Bg5 h6 11. Be3 Ba7 12. b4 Bd7 13. Nbd2 Qe7 14. b5 Nd8 15. c4
Bxe3 16. fxe3 Ne6 17. Qc2 Nc5 18. Rfe1 axb5 19. axb5 Ra3 20. Bb3 Rfa8 21. Rxa3
Rxa3 22. Qb2 Rxb3 23. Nxb3 Nxd3 24. Qc2 Nxe1 25. Nxe1 b6 26. Nf3 Qd8 27. Nbd2
Qa8 28. Qb1 Qa3 29. Kf2 Be6 30. g4 Qc3 31. Qa2 Qa5 32. Qxa5 bxa5 33. Ne1 Nd7
34. Nc2 Nc5 35. Na3 a4 36. Kf3 Nb3 37. Ke2 Nc1+ 38. Kf3 g5 39. Ndb1 Nb3 40. Nc3
Nc5 1/2-1/2

[Event "19. Wch 2009 Veteranos"]
[Site "Condino ITA"]
[Date "2009.11.06"]
[Round "10.79"]
[White "Aasum, Anker"]
[Black "Cesati, Cassin Giorgio"]
[Result "1-0"]
[WhiteElo "1825"]
[BlackElo "1605"]
[PlyCount "64"]
[EventDate "2009.10.27"]
[EventType "swiss"]
[EventRounds "11"]
[EventCountry "ITA"]
[Source "lmi"]
[SourceDate "2009.10.27"]

1. Nc3 c5 2. Nf3 Nc6 3. d4 cxd4 4. Nxd4 Nf6 5. g3 g6 6. Bg2 Bg7 7. Nxc6 bxc6 8.
O-O O-O 9. e4 d6 10. h3 Qc7 11. Qe2 Bb7 12. Rd1 Rfd8 13. Rb1 a5 14. Be3 e5 15.
Qd2 Ne8 16. b4 a4 17. a3 Qc8 18. Kh2 f5 19. exf5 Qxf5 20. Be4 Qe6 21. b5 d5 22.
Bg5 Nf6 23. Bxf6 Bxf6 24. bxc6 Bc8 25. Bxd5 Rxd5 26. Qxd5 Kf7 27. Qxe6+ Bxe6
28. Rb7+ Be7 29. Nb5 Kf6 30. Nd6 Rd8 31. Ne4+ Kf7 32. Rxd8 Bf5 1-0

[Event "19. Wch 2009 Veteranos"]
[Site "Condino ITA"]
[Date "2009.11.06"]
[Round "10.82"]
[White "Zanin, Umberto"]
[Black "Thonig, Manfred"]
[Result "0-1"]
[WhiteElo "1700"]
[BlackElo "1705"]
[PlyCount "58"]
[EventDate "2009.10.27"]
[EventType "swiss"]
[EventRounds "11"]
[EventCountry "ITA"]
[Source "lmi"]
[SourceDate "2009.10.27"]

1. c4 e5 2. e4 Nf6 3. d3 Nc6 4. a3 Bc5 5. Nc3 O-O 6. Nf3 a6 7. b4 Ba7 8. c5 d6
9. Bg5 dxc5 10. Nd5 cxb4 11. Nxf6+ gxf6 12. Be3 Bxe3 13. fxe3 bxa3 14. Nh4 Kh8
15. Qf3 Rg8 16. h3 Qd6 17. Qe2 Qb4+ 18. Qd2 Be6 19. Qxb4 Nxb4 20. Kd2 Rad8 21.
Nf5 Bxf5 22. exf5 e4 23. d4 c5 24. g4 cxd4 25. Rxa3 dxe3+ 26. Kc3 a5 27. Rxa5
Nd5+ 28. Kc4 Nf4 29. Rh2 Rd1 0-1